Word Biblical commentary : (Record no. 13889)

MARC details
000 -LEADER
fixed length control field 01310nam a22003137a 4500
003 - CONTROL NUMBER IDENTIFIER
control field AUA.1
005 - DATE AND TIME OF LATEST TRANSACTION
control field 20150407163327.0
008 - FIXED-LENGTH DATA ELEMENTS--GENERAL INFORMATION
fixed length control field 111216t xxu||||| |||| 00| 0 eng d
010 ## - LIBRARY OF CONGRESS CONTROL NUMBER
LC control number 8171768
020 ## - INTERNATIONAL STANDARD BOOK NUMBER
International Standard Book Number 0785250131
040 ## - CATALOGING SOURCE
Transcribing agency FF
050 ## - LIBRARY OF CONGRESS CALL NUMBER
Classification number BS 491.2
Item number .W67 2004
100 ## - MAIN ENTRY--PERSONAL NAME
Personal name Craigie, Peter C.
9 (RLIN) 17849
245 ## - TITLE STATEMENT
Title Word Biblical commentary :
Remainder of title Psalms 1-50 /
Statement of responsibility, etc Peter C. Craigie with 2004 supplement by Marvin E. Tate.
250 ## - EDITION STATEMENT
Edition statement 2nd ed.
260 ## - PUBLICATION, DISTRIBUTION, ETC. (IMPRINT)
Place of publication, distribution, etc Nashville :
Name of publisher, distributor, etc Nelson Reference & Electronic,
Date of publication, distribution, etc c2004.
300 ## - PHYSICAL DESCRIPTION
Extent 500 p.;
Dimensions 24 cm.
440 ## - SERIES STATEMENT/ADDED ENTRY--TITLE
Title Word Biblical commentary:
Number of part/section of a work v.19, second edition.
9 (RLIN) 48942
504 ## - BIBLIOGRAPHY, ETC. NOTE
Bibliography, etc Include bibliography and index
650 ## - SUBJECT ADDED ENTRY--TOPICAL TERM
Form subdivision Psalms 1-50
General subdivision Bible
Chronological subdivision Commentaries
9 (RLIN) 17850
700 ## - ADDED ENTRY--PERSONAL NAME
Personal name Tate, Marvin E.
9 (RLIN) 17851
Relator term 2004 supplement
700 ## - ADDED ENTRY--PERSONAL NAME
Personal name Metzger, Bruce M.
Relator code General editor.
9 (RLIN) 48946
700 ## - ADDED ENTRY--PERSONAL NAME
Personal name Watts, John D.W.
Relator code Old Testament ed.
9 (RLIN) 48943
700 ## - ADDED ENTRY--PERSONAL NAME
Personal name Watts, James W.
Relator code Old Testament ed.
9 (RLIN) 48944
700 ## - ADDED ENTRY--PERSONAL NAME
Personal name Martin, Ralph P.
Relator code New Testament ed.
9 (RLIN) 48945
700 ## - ADDED ENTRY--PERSONAL NAME
Personal name Losie, Lynn Allen.
Relator code New Testament ed.
9 (RLIN) 48947
942 ## - ADDED ENTRY ELEMENTS (KOHA)
Source of classification or shelving scheme Library of Congress Classification
Koha item type Reference Book
Classification part BS 491.2
Item part .W67 2004
Holdings
Withdrawn status Lost status Source of classification or shelving scheme Damaged status Not for loan Collection code Home library Current library Shelving location Date acquired Source of acquisition Cost, normal purchase price Serial Enumeration / chronology Total Checkouts Full call number Barcode Date last seen Date checked out Copy number Cost, replacement price Price effective from Koha item type
    Library of Congress Classification     Reference Shelves Judith Thomas Library Judith Thomas Library Reference Books 16/12/2011 Donation, Biblical Research Institute 25.00 AUA005887 3 BS 491.2 .W67 2004 AUA005887 18/03/2024 18/03/2024 v.19 25.00 16/12/2011 Reference Book